Predictive variables of violent behavior in adolescent males

Saved in:  
Bibliographic Details
Authors: Salts, C. J. (Author) ; Lindholm, B. W. (Author) ; Goddard, H. W. (Author)
Format: Print Article
Language:English
Published: 1995
In: Youth & society
Year: 1995, Volume: 26, Issue: 3, Pages: 377-399
Check availability: HBZ Gateway
Keywords:

MARC

LEADER 00000caa a22000002c 4500
001 1639344195
003 DE-627
005 20220608124806.0
007 tu
008 160223s1995 xx ||||| 00| ||eng c
035 |a (DE-627)1639344195 
035 |a (DE-576)455841551 
035 |a (DE-599)BSZ455841551 
040 |a DE-627  |b ger  |c DE-627  |e rakwb 
041 |a eng 
100 1 |a Salts, C. J.  |4 aut 
245 1 0 |a Predictive variables of violent behavior in adolescent males  |c C.J Salts, B.W Lindholm, H.W Goddard 
264 1 |c 1995 
336 |a Text  |b txt  |2 rdacontent 
337 |a ohne Hilfsmittel zu benutzen  |b n  |2 rdamedia 
338 |a Band  |b nc  |2 rdacarrier 
700 1 |a Lindholm, B. W.  |4 aut 
700 1 |a Goddard, H. W.  |4 aut 
773 0 8 |i In  |t Youth & society  |d Thousand Oaks [u.a.] : Sage Publ., 1969  |g 26(1995), 3, Seite 377-399  |w (DE-627)129096113  |w (DE-600)7590-5  |w (DE-576)014432382  |x 0044-118X  |7 nnas 
773 1 8 |g volume:26  |g year:1995  |g number:3  |g pages:377-399 
935 |a mkri 
951 |a AR 
ELC |b 1 
LOK |0 000 xxxxxcx a22 zn 4500 
LOK |0 001 3299844016 
LOK |0 003 DE-627 
LOK |0 004 1639344195 
LOK |0 005 20160223095237 
LOK |0 008 160208||||||||||||||||ger||||||| 
LOK |0 040   |a DE-21-110  |c DE-627  |d DE-21-110 
LOK |0 689   |a s  |a Jugendliche 
LOK |0 689   |a s  |a Gewaltbereitschaft 
LOK |0 689   |a s  |a Jugenddelinquenz 
LOK |0 689   |a s  |a Frühprognose 
LOK |0 852   |z Kein Bestand am IfK; Nachweis für KrimDok 
LOK |0 852   |a DE-21-110 
LOK |0 852 1  |m v  |9 00 
LOK |0 935   |a k110 
LOK |0 938   |k v 
LOK |0 939   |a 08-02-16  |b l01 
ORI |a SA-MARC-krimdoka001.raw